Bílá velryba /

Saved in:
Bibliographic Details
Main Author: MELVILLE, Herman (Author)
Other Authors: KLÍMA, St. V. (Translator), KORNELOVÁ, Marie (Translator)
Format: Book
Language:Czech
Published: Praha Státní nakladatelství krásné literatury, hudby a umění 1956
Edition:7. vydanie
Series:Klub čtenářú 51. zväzok
Tags: Add Tag
No Tags, Be the first to tag this record!

MARC

LEADER 00000nam a22000003a 4500
001 0102455
003 SK-STU
005 20230607153647.4
007 ta
008 230607s ----xo-----e------000-0-----d
040 |a STU  |b slo 
041 0 |a cze 
044 |a xr 
100 1 |a MELVILLE, Herman  |4 aut 
245 1 0 |a Bílá velryba /  |c aut. Herman MELVILLE ; prekl. St. V KLÍMA, Marie KORNELOVÁ 
250 |a 7. vydanie 
260 |a Praha  |b Státní nakladatelství krásné literatury, hudby a umění  |c 1956 
300 |a 663 s. 
490 0 |a Klub čtenářú  |v 51. zväzok 
700 1 |a KLÍMA, St. V.  |4 trl 
700 1 |a KORNELOVÁ, Marie  |4 trl 
996 |c I* 4SOA13932  |l I  |s A  |a 24  |w 0102455_0001